000 01093nam a22002657a 4500
005 20170124102931.0
010 _aB-036645
020 _c250.00
035 _aB-036645
037 _bCen Lib/Ret
040 _aDPL
_bHN
082 _a420.9
_bमिश्रन
100 _aमिश्र, नरेश
_92125
245 _aनागरी लिपि /
_cनरेश मिश्र
246 _aNaagri lipi /
_bby Naresh Mishra
260 _bमोनू प्रकाशन
_aदिल्ली
_c1999
270 _a1/3566, गली न. 4, त्यागी कॉलोनी, रामनगर, शाहदरा
_bदिल्ली
_e110053
300 _a210पृ.
_c20सेमी (सजिल्द)
500 _aअनुक्रमाणिका शामिल
650 _aलिपि -- विकास
_934
650 _aभाषा में लिपि परंपरा
_945133
650 _aScript - Development
_945134
650 _aLanguage script tradition
_945135
942 _2ddc
_cHN
_h420.9
_mमिश्रन
999 _c111933
_d111933